[Event "13th Philadelphia International"]
[Site "Philadelphia"]
[Date "2019.07.01"]
[Round "9.1"]
[White "Cordova, Emilio"]
[Black "Lenderman, Aleksandr"]
[Result "1/2-1/2"]
[WhiteElo "2615"]
[BlackElo "2640"]
[PlyCount "57"]
[EventDate "2019.06.??"]
[EventType "swiss"]
[EventRounds "9"]
[EventCountry "USA"]

1. Nf3 d5 2. g3 Nf6 3. Bg2 e6 4. O-O Be7 5. c4 O-O 6. b3 b6 7. Bb2 Bb7 8. e3 c5
9. Nc3 dxc4 10. bxc4 Nc6 11. Qe2 Qc7 12. Ne1 Rad8 13. Rd1 Na5 14. f4 Bxg2 15.
Nxg2 Ne8 16. f5 Bf6 17. d3 Qd7 18. fxe6 fxe6 19. Nf4 Nc7 20. d4 cxd4 21. Ne4 e5
22. Nh5 d3 23. Nexf6+ gxf6 24. Qf3 Nxc4 25. Nxf6+ Rxf6 26. Qxf6 Nxb2 27. Qg5+
Kh8 28. Qf6+ Kg8 29. Qg5+ 1/2-1/2

[Event "13th Philadelphia International"]
[Site "Philadelphia"]
[Date "2019.07.01"]
[Round "9.2"]
[White "Andriasian, Zaven"]
[Black "Quesada Perez, Yuniesky"]
[Result "1/2-1/2"]
[WhiteElo "2600"]
[BlackElo "2626"]
[PlyCount "23"]
[EventDate "2019.06.??"]
[EventType "swiss"]
[EventRounds "9"]
[EventCountry "USA"]

1. e4 e5 2. Nf3 Nc6 3. Bc4 Bc5 4. d3 Nf6 5. O-O d6 6. c3 a6 7. Bb3 O-O 8. Nbd2
h6 9. h3 Re8 10. Re1 Be6 11. Nf1 d5 12. Ng3 1/2-1/2

[Event "13th Philadelphia International"]
[Site "Philadelphia"]
[Date "2019.07.01"]
[Round "9.3"]
[White "Sheng, Joshua"]
[Black "Gareyev, Timur"]
[Result "1/2-1/2"]
[WhiteElo "2449"]
[BlackElo "2584"]
[PlyCount "93"]
[EventDate "2019.06.??"]
[EventType "swiss"]
[EventRounds "9"]
[EventCountry "USA"]

1. e4 c5 2. Nf3 Nc6 3. d4 cxd4 4. Nxd4 Nf6 5. Nc3 d6 6. Bg5 e6 7. Qd2 a6 8.
O-O-O Bd7 9. f4 h6 10. Bxf6 Qxf6 11. e5 dxe5 12. Ndb5 Qd8 13. Nd6+ Bxd6 14.
Qxd6 Qe7 15. fxe5 Qxd6 16. exd6 Ne5 17. Be2 Bc6 18. Rhe1 f6 19. Bf1 Kd7 20. g3
Rac8 21. Bh3 Rhe8 22. Re3 b5 23. b3 Bf3 24. Rd4 Rc6 25. a4 Rec8 26. Kb2 bxa4
27. Rxa4 Rxd6 28. Bf1 Bb7 29. Rb4 Rc7 30. Na4 Kd8 31. Rc3 Rxc3 32. Kxc3 Rc6+
33. Kb2 Bc8 34. Nb6 a5 35. Rd4+ Ke7 36. Nxc8+ Rxc8 37. Bb5 Rc5 38. c4 Rc7 39.
Ka3 f5 40. Ka4 Ra7 41. Rd1 g5 42. c5 Ng4 43. Rd6 Ne3 44. Ra6 Rc7 45. Rc6 Ra7
46. Ra6 Rc7 47. Rc6 1/2-1/2

[Event "13th Philadelphia International"]
[Site "Philadelphia"]
[Date "2019.07.01"]
[Round "9.4"]
[White "Nyzhnyk, Illya"]
[Black "Jacobson, Aaron"]
[Result "1-0"]
[WhiteElo "2649"]
[BlackElo "2302"]
[PlyCount "77"]
[EventDate "2019.06.??"]
[EventType "swiss"]
[EventRounds "9"]
[EventCountry "USA"]

1. c4 e6 2. Nc3 d5 3. d4 Nf6 4. Nf3 Be7 5. Bg5 h6 6. Bh4 O-O 7. Rc1 b6 8. cxd5
Nxd5 9. Nxd5 exd5 10. Bxe7 Qxe7 11. Qc2 c6 12. e3 Be6 13. Be2 Rc8 14. O-O c5
15. dxc5 bxc5 16. Rfd1 Nd7 17. Ne1 Nf6 18. Bf3 Rab8 19. Nd3 c4 20. Nf4 Qb4 21.
Rb1 Qa5 22. a3 c3 23. bxc3 Rxb1 24. Rxb1 Qxa3 25. Ne2 g6 26. Qd1 Rc4 27. Ra1
Qe7 28. h3 Qd7 29. Ra5 Kg7 30. Qa1 Rc7 31. Nd4 Ne4 32. Nb5 Rc4 33. Be2 Rc5 34.
Rxa7 Qc6 35. Nd4 Qc8 36. Ba6 Qe8 37. Bb5 Qc8 38. c4 Kh7 39. Ra8 1-0

[Event "13th Philadelphia International"]
[Site "Philadelphia"]
[Date "2019.07.01"]
[Round "9"]
[White "Quesada Perez, Yasser"]
[Black "Stukopin, Andrey"]
[Result "1/2-1/2"]
[WhiteElo "2577"]
[BlackElo "2562"]
[PlyCount "102"]
[EventDate "2019.06.??"]
[EventType "swiss"]
[EventRounds "9"]
[EventCountry "USA"]

1. e4 c5 2. Nf3 Nc6 3. Bb5 g6 4. Bxc6 bxc6 5. O-O Bg7 6. Re1 f6 7. c3 Nh6 8. d4
cxd4 9. cxd4 O-O 10. h3 d6 11. Nc3 Nf7 12. b3 e5 13. Bb2 Ng5 14. Nxg5 fxg5 15.
dxe5 Bxe5 16. Na4 Qf6 17. Qe2 h5 18. Bxe5 Qxe5 19. Qb2 Qf4 20. e5 dxe5 21. Rxe5
g4 22. Re7 Qf6 23. Qxf6 Rxf6 24. h4 Bf5 25. Rae1 Rf7 26. Re8+ Rxe8 27. Rxe8+
Rf8 28. Re7 Rf7 29. Re8+ Rf8 30. Re2 Rd8 31. Kh2 Kf7 32. Kg3 Kf6 33. Nc5 Rd4
34. Re8 Rd5 35. b4 a5 36. a3 axb4 37. axb4 Rd4 38. Rb8 Ke5 39. f3 gxf3 40. gxf3
Rc4 41. Ne4 Bxe4 42. Re8+ Kf6 43. fxe4 Rxb4 44. Rf8+ Ke5 45. Re8+ Kd4 46. Rc8
Rc4 47. Kf4 Kd3 48. Kf3 Kd4 49. Kf4 Rc1 50. Rd8+ Kc5 51. Kg5 Re1 1/2-1/2

[Event "13th Philadelphia International"]
[Site "Philadelphia"]
[Date "2019.07.01"]
[Round "9"]
[White "Checa, Nicolas"]
[Black "Santarius, Erik"]
[Result "1-0"]
[WhiteElo "2506"]
[BlackElo "2403"]
[PlyCount "69"]
[EventDate "2019.06.??"]
[EventType "swiss"]
[EventRounds "9"]
[EventCountry "USA"]

1. d4 f5 2. Bg5 h6 3. Bh4 g5 4. e3 Bg7 5. Bg3 c5 6. Be5 Nf6 7. d5 d6 8. Bxf6
Bxf6 9. c3 e5 10. e4 f4 11. Be2 Qd7 12. h3 Qh7 13. Bh5+ Kd8 14. Nd2 Nd7 15. Ne2
Be7 16. Bg4 h5 17. Bf5 Qg7 18. Qb3 Kc7 19. O-O-O Nf6 20. Bxc8 Raxc8 21. f3 g4
22. Rhg1 gxf3 23. gxf3 Qf7 24. Nc4 Nd7 25. Na5 Nb6 26. a4 Bh4 27. Rdf1 Rhg8 28.
Nxb7 Kxb7 29. a5 Qd7 30. axb6 axb6 31. Kd2 Bg3 32. Ra1 b5 33. Ra5 Ra8 34. Rxb5+
Kc8 35. Ra1 1-0

[Event "13th Philadelphia International"]
[Site "Philadelphia"]
[Date "2019.07.01"]
[Round "9"]
[White "Bryant, John Daniel"]
[Black "Niemann, Hans"]
[Result "1-0"]
[WhiteElo "2434"]
[BlackElo "2460"]
[PlyCount "84"]
[EventDate "2019.06.??"]
[EventType "swiss"]
[EventRounds "9"]
[EventCountry "USA"]

1. e4 c5 2. c3 Nf6 3. e5 Nd5 4. Nf3 Nc6 5. Bc4 Nb6 6. Bb3 c4 7. Bc2 d5 8. exd6
e5 9. O-O Bxd6 10. d4 cxd3 11. Qxd3 Be6 12. Rd1 Be7 13. Qe4 Nd7 14. Qe2 f5 15.
Nd4 Nxd4 16. cxd4 e4 17. f3 Nf6 18. Nc3 O-O 19. fxe4 fxe4 20. Nxe4 Qd7 21. Nc5
Bxc5 22. dxc5 Qf7 23. Qxe6 Qxe6 24. Bb3 Rae8 25. Bg5 Qxb3 26. axb3 Re5 27. Bf4
Re2 28. Rd2 Re4 29. Bd6 Rfe8 30. h3 a6 31. Kh2 Re3 32. Ra3 Ne4 33. Rd4 Re2 34.
Raa4 Ng5 35. Rf4 h6 36. Rab4 R8e3 37. Rxb7 Rxh3+ 38. Kg1 Rd3 39. c6 Rd1+ 40.
Kh2 Rdd2 41. Rg4 Rxd6 42. c7 Nf3+ 1-0

[Event "13th Philadelphia International"]
[Site "Philadelphia"]
[Date "2019.07.01"]
[Round "9"]
[White "Bruzon Batista, Lazaro"]
[Black "Li, Max J"]
[Result "1-0"]
[WhiteElo "2657"]
[BlackElo "1919"]
[PlyCount "79"]
[EventDate "2019.06.??"]
[EventType "swiss"]
[EventRounds "9"]
[EventCountry "USA"]

1. d4 Nf6 2. Nf3 e6 3. c4 b6 4. Nc3 Bb7 5. a3 d5 6. Bg5 dxc4 7. e4 Be7 8. Qc2
Nc6 9. Rd1 Na5 10. Ne5 Nd7 11. Bxe7 Qxe7 12. Nxc4 Nxc4 13. Bxc4 a6 14. O-O O-O
15. Ba2 b5 16. d5 Nb6 17. dxe6 fxe6 18. Rd2 Rad8 19. Rfd1 Rxd2 20. Qxd2 Kh8 21.
h3 h6 22. b4 e5 23. Qe3 Rd8 24. f3 Rxd1+ 25. Nxd1 Qd6 26. Nb2 Bc8 27. Qc3 Kh7
28. Kh2 h5 29. Nd3 Nd7 30. Bd5 h4 31. Kh1 Qb6 32. Qc1 Kg6 33. f4 exf4 34. Nxf4+
Kh7 35. Ne6 Nf6 36. Ng5+ Kh8 37. Qf4 g6 38. Ne6 Nh5 39. Qf8+ Kh7 40. Ng5# 1-0

[Event "13th Philadelphia International"]
[Site "Philadelphia"]
[Date "2019.07.01"]
[Round "9"]
[White "Shetty, Atulya"]
[Black "Corrales Jimenez, Fidel"]
[Result "1-0"]
[WhiteElo "2431"]
[BlackElo "2549"]
[PlyCount "89"]
[EventDate "2019.06.??"]
[EventType "swiss"]
[EventRounds "9"]
[EventCountry "USA"]

1. c4 Nf6 2. g3 d5 3. cxd5 Nxd5 4. Bg2 Nb6 5. Nf3 g6 6. O-O Bg7 7. Nc3 e5 8. d3
h6 9. Bd2 O-O 10. Rc1 Nc6 11. Ne4 Nd4 12. Nc5 c6 13. b4 Qe7 14. e3 Ne6 15. Bc3
Nxc5 16. bxc5 Nd5 17. Ba1 Rd8 18. Qa4 Nc7 19. Rfd1 Bf5 20. Qb3 Rab8 21. h3 Na6
22. e4 Bc8 23. d4 exd4 24. Bxd4 Be6 25. Qb2 Bxd4 26. Nxd4 Nxc5 27. Qb4 Rxd4 28.
Rxd4 b6 29. Qd2 Kh7 30. Kh2 Qb7 31. f4 Qa6 32. f5 Qxa2 33. Rc2 Qa1 34. fxe6 Nb3
35. Qf4 Nxd4 36. Qxb8 Nxe6 37. Rxc6 Nd4 38. Rf6 Kg7 39. Rf2 Nc6 40. Qd6 Ne5 41.
Rc2 h5 42. Rc8 Qb2 43. Qf8+ Kf6 44. Qh8+ Ke6 45. Re8+ 1-0

[Event "13th Philadelphia International"]
[Site "Philadelphia"]
[Date "2019.07.01"]
[Round "9"]
[White "Peredun, Andrew"]
[Black "Mulyar, Michael"]
[Result "1/2-1/2"]
[WhiteElo "2344"]
[BlackElo "2381"]
[PlyCount "133"]
[EventDate "2019.06.??"]
[EventType "swiss"]
[EventRounds "9"]
[EventCountry "USA"]

1. Nf3 d5 2. d4 Nf6 3. Bf4 c5 4. e3 e6 5. Nbd2 Nc6 6. c3 Bd6 7. Bg3 O-O 8. Bd3
b6 9. e4 Be7 10. e5 Nh5 11. Ng5 Bxg5 12. Qxh5 g6 13. Qe2 f5 14. f4 Be7 15. Nf3
cxd4 16. Nxd4 Bd7 17. Bf2 Nxd4 18. Bxd4 Bc5 19. Qe3 Rc8 20. O-O Qe8 21. Qe2 Qe7
22. a3 Rc7 23. Kh1 Ba4 24. g4 Bxd4 25. gxf5 Bxe5 26. Qxe5 exf5 27. Qd4 Bc6 28.
Rae1 Qc5 29. Re5 Re8 30. Rxe8+ Bxe8 31. Re1 Qxd4 32. cxd4 Bf7 33. Kg2 Kg7 34.
h4 Kf6 35. Kf3 Be6 36. Rh1 h6 37. Ke3 Bf7 38. Rg1 Be8 39. Kf3 Rc8 40. Re1 Bf7
41. Rg1 Be6 42. Rh1 Bd7 43. Re1 Ba4 44. Re5 Bc2 45. Bxc2 Rxc2 46. Rxd5 Rxb2 47.
Rd6+ Kf7 48. Rd7+ Ke6 49. Rxa7 Rb3+ 50. Kg2 Kd5 51. Rg7 Kxd4 52. Rxg6 Ke4 53.
Rxh6 Kxf4 54. h5 Kg5 55. Rh8 Rxa3 56. h6 Ra2+ 57. Kf3 Ra3+ 58. Kg2 Ra7 59. Rb8
Kxh6 60. Rxb6+ Kg5 61. Rb3 Kg4 62. Rb4+ f4 63. Rb3 Ra2+ 64. Kf1 Ra1+ 65. Kf2
Ra2+ 66. Kf1 Ra1+ 67. Kf2 1/2-1/2

[Event "13th Philadelphia International"]
[Site "Philadelphia"]
[Date "2019.07.01"]
[Round "9"]
[White "Wang, Qibiao"]
[Black "Tiglon, Bryce"]
[Result "1/2-1/2"]
[WhiteElo "2268"]
[BlackElo "2373"]
[PlyCount "97"]
[EventDate "2019.06.??"]
[EventType "swiss"]
[EventRounds "9"]
[EventCountry "USA"]

1. d4 Nf6 2. Bf4 c5 3. e3 g6 4. Nd2 Bg7 5. c3 cxd4 6. exd4 O-O 7. Ngf3 Nc6 8.
Be2 d6 9. O-O h6 10. h3 e5 11. dxe5 Nd5 12. Bh2 dxe5 13. Nc4 e4 14. Nfe5 Nce7
15. Qd4 f6 16. Ng4 f5 17. Nge5 Be6 18. Rad1 Kh7 19. f3 Nc6 20. Qc5 Rc8 21. Nxc6
Rxc6 22. Qxa7 exf3 23. Rxf3 Qe7 24. Na5 Rb6 25. Nc4 Rc6 26. Na5 Rcc8 27. Qf2 f4
28. Bc4 Rf5 29. Bxd5 Bxd5 30. Rxf4 Re5 31. c4 Re2 32. cxd5 Rxf2 33. Rxf2 Qe3
34. Bf4 Qa7 35. Nb3 Qxa2 36. Rf3 g5 37. Bg3 Qxb2 38. d6 Rc2 39. d7 Rxg2+ 40.
Kh1 Qe2 41. d8=Q Qxf3 42. Qd3+ Qxd3 43. Rxd3 Rb2 44. Kg1 Kg6 45. Bf2 Be5 46.
Kg2 h5 47. Nc5 g4 48. hxg4 hxg4 49. Rd5 1/2-1/2

[Event "13th Philadelphia International"]
[Site "Philadelphia"]
[Date "2019.07.01"]
[Round "9"]
[White "Kumar, Aravind"]
[Black "Wang, Tianqi"]
[Result "0-1"]
[WhiteElo "2242"]
[BlackElo "2333"]
[PlyCount "108"]
[EventDate "2019.06.??"]
[EventType "swiss"]
[EventRounds "9"]
[EventCountry "USA"]

1. d4 Nf6 2. c4 e6 3. Nc3 Bb4 4. f3 c5 5. d5 b5 6. e4 O-O 7. Bg5 d6 8. dxe6
fxe6 9. cxb5 d5 10. a3 Ba5 11. e5 Qc7 12. Nge2 Ne8 13. Rc1 Bb7 14. Be3 Nd7 15.
b4 cxb4 16. axb4 Bxb4 17. f4 g5 18. Qb3 Nc5 19. Qb1 gxf4 20. Nxf4 Qxe5 21. Qxb4
Qxe3+ 22. Nce2 Rc8 23. Rc3 Rxf4 24. Qxf4 Nd3+ 25. Rxd3 Qxd3 26. Nd4 Qc3+ 27.
Kf2 Ng7 28. Nf3 Nf5 29. g4 Qc5+ 30. Kg2 Qe3 31. Qxe3 Nxe3+ 32. Kf2 d4 33. Be2
Nxg4+ 34. Kg3 Ne5 35. Rg1 Bxf3 36. Bxf3 Kf7 37. Bh5+ Kf6 38. Kf4 Rc5 39. Be2
Ng6+ 40. Kf3 Rf5+ 41. Ke4 Re5+ 42. Kf3 Re3+ 43. Kf2 Nf4 44. Bf1 Nh3+ 45. Bxh3
Rxh3 46. Rf1 Rb3 47. Ra1 Rxb5 48. Rxa7 Rh5 49. Kg3 d3 50. Rd7 Rd5 51. Rxd5 exd5
52. Kf2 Ke5 53. Ke3 d2 54. Kxd2 Kd4 0-1

[Event "13th Philadelphia International"]
[Site "Philadelphia"]
[Date "2019.07.01"]
[Round "9"]
[White "Husbands, Orlando"]
[Black "Liu, Aristo"]
[Result "1-0"]
[WhiteElo "2279"]
[BlackElo "1992"]
[PlyCount "59"]
[EventDate "2019.06.??"]
[EventType "swiss"]
[EventRounds "9"]
[EventCountry "USA"]

1. e4 e5 2. Nf3 Nf6 3. Nxe5 d6 4. Nf3 Nxe4 5. d4 d5 6. Bd3 Be7 7. O-O Nc6 8.
Re1 Nf6 9. Bg5 O-O 10. c3 h6 11. Bh4 Re8 12. Nbd2 Be6 13. Qc2 Qd7 14. Bb5 a6
15. Ne5 Nxd4 16. cxd4 Qxb5 17. Re3 c5 18. Rb3 Qa4 19. Bxf6 c4 20. Bxe7 cxb3 21.
Qc5 Rac8 22. Qa3 Qxd4 23. Nef3 Qd3 24. Nxb3 Bg4 25. Nbd4 Qc4 26. h3 Bxf3 27.
Nxf3 Qf4 28. Bc5 Re2 29. Be3 Qe4 30. Nd4 1-0

[Event "13th Philadelphia International"]
[Site "Philadelphia"]
[Date "2019.07.01"]
[Round "9"]
[White "Rogers, Norman"]
[Black "Singh, Arvinder Preet"]
[Result "1-0"]
[WhiteElo "2182"]
[BlackElo "2038"]
[PlyCount "74"]
[EventDate "2019.06.??"]
[EventType "swiss"]
[EventRounds "9"]
[EventCountry "USA"]

1. e4 c5 2. Nf3 d6 3. d4 cxd4 4. Qxd4 Nc6 5. Bb5 Bd7 6. Bxc6 bxc6 7. Nc3 e5 8.
Qd3 Nf6 9. O-O h6 10. b3 Be7 11. Bb2 O-O 12. Rad1 Bg4 13. h3 Bh5 14. Rfe1 Qa5
15. Rd2 Nd7 16. g4 Bg6 17. Qe3 Nc5 18. Red1 Ne6 19. h4 h5 20. g5 Rad8 21. Ne2
f6 22. gxf6 Rxf6 23. Ng5 Nf4 24. b4 Qa6 25. Nxf4 Rxf4 26. Bxe5 Rg4+ 27. Bg3
Bxg5 28. hxg5 h4 29. Rxd6 Rxd6 30. Rxd6 Rxe4 31. Qb3+ Kh7 32. b5 Qc8 33. f3 Re2
34. Rxg6 hxg3 35. Qd3 Re1+ 36. Kg2 Kh8 37. Rxc6 Qe8 1-0

[Event "13th Philadelphia International"]
[Site "Philadelphia"]
[Date "2019.07.01"]
[Round "9"]
[White "Zheng, Michael"]
[Black "Melaugh, Shane"]
[Result "1/2-1/2"]
[WhiteElo "1965"]
[BlackElo "2126"]
[PlyCount "72"]
[EventDate "2019.06.??"]
[EventType "swiss"]
[EventRounds "9"]
[EventCountry "USA"]

1. e4 d6 2. d4 Nf6 3. Nc3 Nbd7 4. Nf3 e5 5. Bc4 Be7 6. O-O c6 7. a4 h6 8. Re1
Qc7 9. h3 Nf8 10. Be3 g5 11. dxe5 dxe5 12. Nd2 Ng6 13. Nb3 Nf4 14. Bc5 Be6 15.
Bxe6 Nxe6 16. Bxe7 Qxe7 17. Qe2 O-O 18. Qc4 Rfd8 19. Rad1 Nd7 20. a5 Ndc5 21.
Ne2 Nxb3 22. Qxb3 Rxd1 23. Rxd1 Rd8 24. Rxd8+ Qxd8 25. Ng3 Qxa5 26. Qxb7 Qe1+
27. Kh2 Qxf2 28. Qb8+ Kh7 29. Qxe5 Nd4 30. Kh1 Qe1+ 31. Kh2 Qd2 32. Qf6 Kg8 33.
Nh5 Ne6 34. Qxh6 Qd6+ 35. Kg1 Qd1+ 36. Kh2 Qd6+ 1/2-1/2

[Event "13th Philadelphia International"]
[Site "Philadelphia"]
[Date "2019.07.01"]
[Round "9"]
[White "Zhou, Aiden"]
[Black "Harriott, Tyrell"]
[Result "1/2-1/2"]
[WhiteElo "2074"]
[BlackElo "2003"]
[PlyCount "147"]
[EventDate "2019.06.??"]
[EventType "swiss"]
[EventRounds "9"]
[EventCountry "USA"]

1. d4 d6 2. e4 Nf6 3. Nc3 e5 4. dxe5 dxe5 5. Qxd8+ Kxd8 6. Bc4 Be6 7. Bxe6 fxe6
8. Nge2 Nbd7 9. Be3 c6 10. f3 Kc7 11. O-O Nb6 12. b3 Ba3 13. Rad1 Rhd8 14. Nb1
Be7 15. a4 Nbd7 16. Nd2 Nf8 17. Nc1 Ng6 18. Nd3 Nd7 19. g3 b6 20. a5 Kb7 21. b4
Rac8 22. axb6 axb6 23. Nc4 Ra8 24. Ra1 Kc7 25. f4 exf4 26. Nxf4 Ngf8 27. Nd3
Ng6 28. Nf4 Nxf4 29. Bxf4+ Kb7 30. Rxa8 Rxa8 31. Nd6+ Kc7 32. Nf5+ e5 33. Bd2
Bf6 34. g4 g6 35. Ne3 Kd6 36. g5 Be7 37. h4 Ke6 38. Kf2 Ra4 39. Rb1 b5 40. Ke2
Nb6 41. c3 Ra2 42. Kd3 Na4 43. Rc1 Ra3 44. Ke2 Rb3 45. Rc2 Rb1 46. Be1 Bd6 47.
Ng4 Be7 48. Bg3 c5 49. bxc5 Nxc5 50. Kf3 Nd7 51. Ne3 Nb6 52. Ra2 Na4 53. c4 Nc5
54. cxb5 Rxb5 55. Re2 Nb3 56. Nc2 Rc5 57. Kg2 Rc4 58. Ne1 Nc5 59. Nf3 Bd6 60.
Nd2 Rb4 61. Bf2 Nd3 62. Be3 Nf4+ 63. Bxf4 exf4 64. Nf3 Be5 65. Kh3 Rb3 66. Kg4
Re3 67. Rxe3 fxe3 68. Ng1 Bc3 69. Ne2 Be1 70. h5 Ke5 71. hxg6 hxg6 72. Kf3 Bh4
73. Kxe3 Bxg5+ 74. Kf3 1/2-1/2

[Event "13th Philadelphia International"]
[Site "Philadelphia"]
[Date "2019.07.01"]
[Round "8.1"]
[White "Lenderman, Aleksandr"]
[Black "Andriasian, Zaven"]
[Result "1/2-1/2"]
[WhiteElo "2640"]
[BlackElo "2600"]
[PlyCount "67"]
[EventDate "2019.06.??"]
[EventType "swiss"]
[EventRounds "9"]
[EventCountry "USA"]

1. d4 d5 2. c4 c6 3. Nf3 Nf6 4. e3 Bg4 5. cxd5 Bxf3 6. Qxf3 cxd5 7. Nc3 Nc6 8.
Bd3 e6 9. O-O Be7 10. Bd2 Rc8 11. Rfc1 O-O 12. Qd1 Qd7 13. Be1 Rfd8 14. a3 Bd6
15. f4 Qe8 16. b4 Nd7 17. Na4 Ncb8 18. Bh4 Be7 19. Bxe7 Qxe7 20. Rc2 Nb6 21.
Nxb6 axb6 22. Rac1 Nc6 23. Rc3 g6 24. R1c2 Qf8 25. g3 Kg7 26. Kg2 Qd6 27. Qc1
Qb8 28. a4 Ne7 29. Rxc8 Rxc8 30. Rxc8 Qxc8 31. Qxc8 Nxc8 32. e4 Ne7 33. b5 f5
34. e5 1/2-1/2

[Event "13th Philadelphia International"]
[Site "Philadelphia"]
[Date "2019.07.01"]
[Round "8.2"]
[White "Quesada Perez, Yuniesky"]
[Black "Nyzhnyk, Illya"]
[Result "1-0"]
[WhiteElo "2626"]
[BlackElo "2649"]
[PlyCount "175"]
[EventDate "2019.06.??"]
[EventType "swiss"]
[EventRounds "9"]
[EventCountry "USA"]

1. e4 e6 2. d4 d5 3. e5 c5 4. c3 Nc6 5. Nf3 Qb6 6. a3 c4 7. Nbd2 Na5 8. Be2 Bd7
9. O-O h6 10. Re1 Ne7 11. Rb1 O-O-O 12. h4 Kb8 13. Nf1 Qc7 14. h5 Nc8 15. Bf4
Nb6 16. Qd2 Ba4 17. N3h2 Be7 18. Bg4 Bh4 19. Bh3 Nc8 20. Nf3 Be7 21. Bg3 Rdf8
22. Ne3 Qd8 23. Rf1 Ka8 24. Qe2 Qb6 25. Nh2 f5 26. exf6 gxf6 27. Nf3 f5 28.
Bxf5 exf5 29. Nxd5 Qc6 30. Nxe7 Nxe7 31. Qxe7 f4 32. Bh4 Rhg8 33. Kh2 Nb3 34.
Rg1 Qd5 35. Rbe1 Qxh5 36. Re5 Qg4 37. Qe6 h5 38. Qxg4 hxg4 39. Ng5 Nd2 40. Rge1
Rh8 41. g3 fxg3+ 42. Kxg3 Bd7 43. R5e3 Kb8 44. Rd1 Nf3 45. Nxf3 gxf3 46. Re5
Rhg8+ 47. Rg5 Kc8 48. d5 Kc7 49. Rd4 Rxg5+ 50. Bxg5 Rg8 51. Kf4 Kd6 52. Bh4
Rf8+ 53. Ke4 b5 54. Bg5 Bg4 55. Bf4+ Kd7 56. Rd1 Bf5+ 57. Kxf3 Re8 58. Rd4 Bd3
59. Bg3 Be2+ 60. Kf4 Bd3 61. Kg5 Re2 62. Kf6 Be4 63. d6 a5 64. a4 bxa4 65. Rxc4
Bc6 66. Rh4 Rxb2 67. Rh7+ Kd8 68. Ke6 Re2+ 69. Be5 a3 70. Rh8+ Be8 71. d7 Rxe5+
72. Kxe5 Kxd7 73. Rh1 Bf7 74. Kd4 a2 75. Ra1 Bb3 76. c4 Kd6 77. f4 a4 78. f5
Kc6 79. f6 Kd7 80. Re1 Bc2 81. Kc3 Bg6 82. Kb2 Kd6 83. Kxa2 Bf7 84. Re4 Bg6 85.
Rf4 Bf7 86. Ka3 Ke5 87. Rf2 Kd4 88. Kb4 1-0

[Event "13th Philadelphia International"]
[Site "Philadelphia"]
[Date "2019.07.01"]
[Round "8.3"]
[White "Corrales Jimenez, Fidel"]
[Black "Cordova, Emilio"]
[Result "0-1"]
[WhiteElo "2549"]
[BlackElo "2615"]
[PlyCount "54"]
[EventDate "2019.06.??"]
[EventType "swiss"]
[EventRounds "9"]
[EventCountry "USA"]

1. e4 c5 2. Nf3 Nc6 3. d4 cxd4 4. Nxd4 Qb6 5. Nb3 Nf6 6. Nc3 e6 7. Be3 Qc7 8.
Qd2 a6 9. O-O-O b5 10. f3 Ne5 11. Kb1 Rb8 12. Qf2 d6 13. g4 b4 14. Ne2 a5 15.
g5 Nfd7 16. h4 Nc4 17. Bc1 a4 18. Nbd4 e5 19. Nf5 Na3+ 20. bxa3 bxa3+ 21. Ka1
Qxc2 22. Bxa3 Qxd1+ 23. Nc1 d5 24. Bg2 Qxh1 25. Nxg7+ Kd8 26. Bxh1 Bxa3 27. Nd3
Ba6 0-1

[Event "13th Philadelphia International"]
[Site "Philadelphia"]
[Date "2019.07.01"]
[Round "8.4"]
[White "Gareyev, Timur"]
[Black "Shetty, Atulya"]
[Result "1-0"]
[WhiteElo "2584"]
[BlackElo "2431"]
[PlyCount "35"]
[EventDate "2019.06.??"]
[EventType "swiss"]
[EventRounds "9"]
[EventCountry "USA"]

1. Nf3 d5 2. c4 c6 3. g3 Nf6 4. Bg2 dxc4 5. O-O b5 6. a4 Bb7 7. d3 cxd3 8. Ne5
a6 9. Nc3 e6 10. axb5 axb5 11. Rxa8 Bxa8 12. Nxb5 Nd5 13. Qxd3 cxb5 14. e4 Bd6
15. Qxb5+ Nd7 16. Nc4 Qb8 17. exd5 e5 18. Bh3 1-0

[Event "13th Philadelphia International"]
[Site "Philadelphia"]
[Date "2019.07.01"]
[Round "8"]
[White "Sheng, Joshua"]
[Black "Quesada Perez, Yasser"]
[Result "1-0"]
[WhiteElo "2449"]
[BlackElo "2577"]
[PlyCount "101"]
[EventDate "2019.06.??"]
[EventType "swiss"]
[EventRounds "9"]
[EventCountry "USA"]

1. e4 e5 2. Nf3 Nc6 3. Bc4 Bc5 4. O-O Nf6 5. d3 d6 6. c3 a6 7. a4 O-O 8. Re1
Ba7 9. h3 Ne7 10. Bb3 Ng6 11. d4 Re8 12. Nbd2 h6 13. a5 Be6 14. Bxe6 Rxe6 15.
d5 Re8 16. Nc4 Nd7 17. Be3 Rf8 18. Bxa7 Rxa7 19. Ne3 Ne7 20. Qc2 g6 21. c4 f5
22. exf5 Nxf5 23. c5 Rf7 24. cxd6 cxd6 25. Ra4 Nf8 26. h4 Ra8 27. h5 Nxe3 28.
Rxe3 Rc8 29. Rc3 Rxc3 30. Qxc3 gxh5 31. Nd2 Nh7 32. Rc4 Qd7 33. Ne4 Ng5 34. Ng3
Rf8 35. Qc2 Qh7 36. Nxh5 Qxc2 37. Rxc2 Kh7 38. Rc7+ Kg6 39. Ng3 e4 40. Rxb7 Kf6
41. Rb6 Ke5 42. Rxa6 Kxd5 43. Rb6 Ne6 44. b4 Rc8 45. Nf5 Rd8 46. a6 Ke5 47.
Nxh6 Ng5 48. b5 d5 49. Rg6 d4 50. Rxg5+ Kf6 51. Rd5 1-0

[Event "13th Philadelphia International"]
[Site "Philadelphia"]
[Date "2019.07.01"]
[Round "8"]
[White "Stukopin, Andrey"]
[Black "Checa, Nicolas"]
[Result "1/2-1/2"]
[WhiteElo "2562"]
[BlackElo "2506"]
[PlyCount "77"]
[EventDate "2019.06.??"]
[EventType "swiss"]
[EventRounds "9"]
[EventCountry "USA"]

1. Nf3 Nf6 2. g3 d5 3. Bg2 Bf5 4. c4 c6 5. O-O e6 6. d3 Nbd7 7. cxd5 cxd5 8.
Nc3 Be7 9. Re1 Bg6 10. Bf4 O-O 11. e4 dxe4 12. dxe4 Nc5 13. Ne5 Bh5 14. f3 Nfd7
15. Nxd7 Nxd7 16. Qe2 Bc5+ 17. Be3 Qb6 18. Bxc5 Nxc5 19. Qb5 Rfd8 20. Qxb6 axb6
21. g4 Bg6 22. Bf1 f6 23. Red1 Be8 24. Kf2 Kf8 25. Ke3 Ke7 26. f4 Bc6 27. Bc4
Rxd1 28. Rxd1 Na4 29. Rb1 Nxc3 30. bxc3 Ra4 31. Rb4 Rxb4 32. cxb4 Kd6 33. g5 b5
34. Bb3 b6 35. Bc2 e5 36. gxf6 gxf6 37. f5 Ke7 38. Kf3 Kf8 39. Kg4 1/2-1/2

[Event "13th Philadelphia International"]
[Site "Philadelphia"]
[Date "2019.07.01"]
[Round "8"]
[White "Barbosa, Oliver"]
[Black "Bryant, John Daniel"]
[Result "1/2-1/2"]
[WhiteElo "2543"]
[BlackElo "2434"]
[PlyCount "80"]
[EventDate "2019.06.??"]
[EventType "swiss"]
[EventRounds "9"]
[EventCountry "USA"]

1. d4 g6 2. e4 Bg7 3. c3 d5 4. exd5 Qxd5 5. Nf3 c5 6. Na3 cxd4 7. Bc4 Qe4+ 8.
Be3 Nh6 9. cxd4 O-O 10. O-O Bg4 11. Be2 Nc6 12. Qd2 Rfd8 13. Rad1 Nxd4 14. Bxd4
Bxf3 15. Bxf3 Qxd4 16. Qa5 Qb6 17. Nc4 Qxa5 18. Nxa5 Bxb2 19. Bxb7 Rab8 20. Rb1
Rd2 21. Bf3 Rc2 22. Nc6 Re8 23. Nxa7 Nf5 24. Be4 Rd2 25. a4 Nd4 26. a5 Ne2+ 27.
Kh1 Nc3 28. Bc6 Red8 29. Rbe1 Nd1 30. Nb5 Nxf2+ 31. Kg1 Rc8 32. Bb7 Rc5 33. a6
Rxb5 34. a7 Ra5 35. a8=Q+ Rxa8 36. Bxa8 Bd4 37. Rxe7 Nh3+ 38. Kh1 Nf2+ 39. Kg1
Nh3+ 40. Kh1 Nf2+ 1/2-1/2